000 00470 a2200157 4500
005 20250612104537.0
020 _a978-007-126375-7
082 _aLECT 658.401 PEA
100 _aPEARCE II, J. A.
245 _aStrategic Management : Formulation, Implementation and Control.
250 _a11th Ed.
260 _aNew York,
_bMcGraw-Hill,
_c2009.
300 _axxv, 866p.: ill.; chart, figure, table
_bGlossary & Index
_c25cm.
700 _aROBINSON, R. B.
942 _2ddc
_cBKS
999 _c3839
_d3839